Business Analytics Data Analysis And Decision Making (Record no. 41353)

MARC details
000 -LEADER
fixed length control field 00421nam a2200145Ia 4500
008 - FIXED-LENGTH DATA ELEMENTS--GENERAL INFORMATION
fixed length control field 240719s9999 xx 000 0 und d
041 ## - LANGUAGE CODE
Language code of text/sound track or separate title eng
082 ## - DEWEY DECIMAL CLASSIFICATION NUMBER
Classification number 658.4 CHR
100 ## - MAIN ENTRY--PERSONAL NAME
Personal name Albright, Christian S.
245 ## - TITLE STATEMENT
Title Business Analytics Data Analysis And Decision Making
250 ## - EDITION STATEMENT
Edition statement 6th
260 ## - PUBLICATION, DISTRIBUTION, ETC.
Place of publication, distribution, etc. New Delhi
Name of publisher, distributor, etc. Cengage Learning
Date of publication, distribution, etc. 2015
300 ## - PHYSICAL DESCRIPTION
Extent 952;. P. 25 Cm
520 ## - SUMMARY, ETC.
Summary, etc. Gifted By : IMT Faculty Dr. S. Maheswaran
Holdings
Withdrawn status Lost status Damaged status Not for loan Home library Current library Shelving location Date acquired Full call number Barcode Date last seen Price effective from Koha item type Public note
        IMTN IMTN Rack 27-A 07/15/2023 658.4 CHR 33048 07/19/2024 07/19/2024 Books Gifted
Designed & Maintained by: LRC IMT Nagpur Contact: lrc@imtnag.ac.in© 2024. All Rights Reserved.